Statistics for Namma Metro Stations by Map (Bengaluru)

Click here to take the quiz!

General Stats

  • This quiz has been taken 21 times
  • The average score is 16 of 41

Answers on the Map

Answers color-coded by a green-red scale on the quiz's map according to % correct below.
 

Answer Stats

Answer% Correct
Kuvempu Road
76%
Majestic
71%
Majestic
71%
Nagasandra
59%
Cubbon Park
53%
Indiranagar
53%
Mysore Road
53%
Baiyappanahalli
47%
Halasuru
47%
Lalbagh
47%
Peenya
47%
Rajajinagar
47%
Sampige Road
47%
Sandal Soap Factory
47%
Jalahalli
41%
Jayaprakash Nagar
41%
Krishna Rajendra Market
41%
National College
41%
Southend Circle
41%
Trinity
41%
Banashankari
35%
Chickpet
35%
Dasarahalli
35%
Mahalakshmi
35%
Rashtreeya Vidyalaya Road
35%
Yelachenahalli
35%
Deepanjali Nagar
29%
Goraguntepalya
29%
Jaynagar
29%
Magadi Road
29%
Peenya Industry
29%
Attiguppe
24%
Hosahalli
24%
Srirampura
24%
Swami Vivekananda Raod
24%
Vidhana Soudh
24%
Vijayanagar
24%
City Railway Station
18%
Sir M. Visveshwaraya
18%
Yeswantpur
18%
Mahatma Gandhi Raod
12%

Score Distribution

Percentile by Number Answered

Percent of People with Each Score

Your Score History

You have not taken this quiz